Rebelión en la granja /
Guardado en:
| Autor Principal: | |
|---|---|
| Formato: | Libro |
| Publicado: |
Uruguay :
Dusa,
2005
|
| Materias: | |
| Etiquetas: |
Agregar Etiqueta
Sin Etiquetas, Sea el primero en etiquetar este registro!
|
| LEADER | 01058nam a22002415a 4500 | ||
|---|---|---|---|
| 001 | CEM.cems013704 | ||
| 008 | 130507s2005##################000#0#####d | ||
| 005 | 20211110173645.0 | ||
| 003 | CEMS | ||
| 245 | 1 | 0 | |a Rebelión en la granja / |c George Orwell |
| 260 | |a Uruguay : |b Dusa, |c 2005 | ||
| 300 | |a 125 p. | ||
| 505 | 0 | |a "Rebelión en la granja" es un relato de invención con alguna similitud con las fábulas: los animales hablan. No sólo hablan, también asumen las funciones que en una granja cumplen los hombres. El Viejo Mayor, un cerdo premiado, asume el control y el manejo de la granja. "Todos los animales son carnadas","todos los hombres son enemigos","eliminad al hombre y el producto de nuestro trabajo será propio" | |
| 590 | |a 1191.013 | ||
| 020 | |a 9974793122 | ||
| 100 | 1 | |a Orwell, George | |
| 082 | 0 | 4 | |a 823.9 |
| 653 | |a Literatura | ||
| 653 | |a Literatura inglesa | ||
| 653 | |a Novela | ||
| 653 | |a Biblioteca TC | ||
| 859 | |a CEMS |b BIB. CEMS - 11 de abril |h 823.9 |i Or9-4 |p 26441.12 |t Ej.1 | ||
| 859 | |a CEMS |b BIB. CEMS - 11 de abril |h TC |p 1191.013 |t Ej.2 | ||
